000
00321nam a2200121Ia 4500
008
220204s9999 xx 000 0 und d
082
_a
621.38
_b
COS
100
_a
Daniel M
245
0
_a
Electronic delivery of documents and graphics
260
_a
New York
_b
Van Nostrand
_c
1978
650
_a
Electronic device
942
_c
BK
999
_c
37363
_d
37363